A carregar...

Bacteria and plants /

Detalhes bibliográficos
Autor principal: Rhodes-Roberts, Muriel E.
Outros Autores: Skinner, F. A.
Formato: Printed Book
Publicado em: London ; New York : Academic Press, 1982.
Colecção:The Society for Applied Bacteriology symposium series ;
Assuntos:
LEADER 00809cam a2200217 a 4500
020 |a 0125870809 
082 0 0 |a 579  |b RHO/BA 
100 |a Rhodes-Roberts, Muriel E. 
245 0 0 |a Bacteria and plants / 
260 |a London ;  |a New York :  |b Academic Press,  |c 1982. 
300 |a xiii, 264 p. :  |b ill. ; 
490 1 |a The Society for Applied Bacteriology symposium series ; 
500 |a Contributions to a symposium held at the University College of Wales, Aberystwyth, July 21-25, 1980. 
650 0 |a Bacteria 
650 0 |a Phytopathogenic bacteria 
650 0 |a Bacterial diseases of plants 
650 0 |a Plants 
700 1 |a Skinner, F. A. 
942 |c BK 
999 |c 11977  |d 11977 
952 |0 0  |1 0  |4 0  |6 579_000000000000000_RHO_BA  |7 0  |8 NFIC  |9 15952  |a KUFOS  |b KUFOS  |c GEN  |d 2016-08-26  |o 579 RHO/BA  |p 06728  |r 2016-08-26  |w 2016-08-26  |y BK